1522 1399 1818 1445 1569 1172 1620 1868 1753 1556 1091 1647 1617 1833 1502 1864 1540 1685 1260 1955 1711 1112 1233 1509 1028 1269 1870 1757 1785 1551 1934 1310 1678 1831 1124 1767 1913 1166 1859 1131 1742 1007 1317 1097 1352 1388 1062 1759 1694 1678 1374 1654 1324 1432 1497 1070 1965 1849 1841 1383 1594 1478 1470 1396 1827 1983 1520 1488 1458 1026 1484 1193 1174 1731 1989 1208 1886 1238 1924 1520 1708 1952 1140 1071 1359 1554 1195 1292 1791 1385 1136 1361 1279 1378 1232 1954 1402 1168 1343 BCNSPRNW ULIB Ver.6.0+V

เปลี่ยนเป็นภาษาไทย

Change to English
 แสดงรายละเอียดบรรณานุกรม
  กลับหน้าหลัก

Brief Record : Get Marc (ISO 2709) : E-mail record : QR code < ปิดหน้าต่าง
LEADER : 00000nam 2200000uu 4500
001    13399110813
003     ULIB
008    110609s2551||||th 000 0 tha d
020    9789747152722
060  4 WS113^bป417ก 2551
100 0  ประเสริฐ ผลิตผลการพิมพ์
245 10 กว่าจะถึงวัยรุ่นก็สาย...เสียแล้ว /^cประเสริฐ ผลิตผลการพิมพ์
260    กรุงเทพฯ :^bรักลูก,^c2551
300    127 หน้า :^bภาพประกอบ
490 1  โครงการหนังสือเล่ม ;^vอันดับที่ 217
490 1  ชุดจิตวิทยาและการเลี้ยงดูลูกวัยรุ่น ;^vvol.3
500    ชื่อเรื่องจากปกนอก
650  4 วัยรุ่น^xการดูแล
650  4 วัยรุ่น^xการเลี้ยงดู
945    ^p145^l0^i024146
945    ^p145^l0^i024145
995    ทศพร
999 ^a ใช้งานได้ทุกระบบ
รายการนี้ยังไม่มีแท็ก
คุณยังไม่ได้ล็อกอิน คุณสามารถมีกิจกรรมร่วมกับเว็บไซต์ได้ แต่ต้องล็อกอินก่อน ::
  ล็อกอิน

รายการสื่อสารสนเทศ

ลำดับที่ ประเภท เลขเรียก/บาร์โค้ด สถานที่ สถานะ
- ไม่พบข้อมูล -

รายการใกล้เคียง
    ผู้แต่ง [ประเสริฐ ผลิตผลการพิมพ์]

BibComment


ยังไม่เคยถูกคอมเมนท์

คอมเมนท์ทรัพยากรรายการนี้
  คอมเมนท์: กว่าจะถึงวัยรุ่นก..


 Copyright 2026. Bcnsprnw @Library